MARC

LEADER 00000nam0a2200000 4500
001 145894
005 20231031144401.0
035 |a (RuTPU)RU\TPU\book\158142 
090 |a 145894 
100 |a 20081023d1968 k y0rusy50 ca 
101 0 |a rus 
102 |a RU 
105 |a a z 001zy 
200 1 |a Переработка сланца и сланцевой смолы  |f В. М. Ефимов [и др.] 
210 |a Москва  |c ЦНИИТЭнефтехим  |d 1968 
215 |a 58 с.  |c черт. 
225 1 |a Нефтехимия и сланцепереработка 
225 1 |a Аналитические и сопоставительные обзоры 
320 |a Библиогр.: с. 55-58. 
610 1 |a горючие сланцы 
610 1 |a переработка 
610 1 |a сланцы 
610 1 |a смолы 
610 1 |a нефтехимия 
610 1 |a технология 
610 1 |a газогенераторы 
610 1 |a топливные продукты 
675 |a 665.45  |v 3 
701 1 |a Ефимов  |b В. М. 
701 1 |a Пийк  |b Э. Э. 
701 1 |a Шелоумов  |b В. В. 
701 1 |a Пурре  |b Т. А. 
701 1 |a Шмагин  |b Я. Г. 
801 1 |a RU  |b 63413507  |c 20081023  |g PSBO 
801 2 |a RU  |b 63413507  |c 20110111  |g PSBO 
942 |c BK